Calibración inicial de un modelo de índice de fricción internacional para los corredores viales de mayor tránsito en Costa Rica
Đã lưu trong:
| Tác giả chính: | |
|---|---|
| Định dạng: | Sách |
| Ngôn ngữ: | Spanish |
| Được phát hành: |
[San José], Costa Rica
2015
|
| Những chủ đề: | |
| Các nhãn: |
Thêm thẻ
Không có thẻ, Là người đầu tiên thẻ bản ghi này!
|
MARC
| LEADER | 00000nam a22000007a 4500 | ||
|---|---|---|---|
| 003 | 012136 | ||
| 005 | 20221231143905.0 | ||
| 008 | 150408b2015 cr a|||| |||| 00| 0 spa d | ||
| 040 | |c cru CEDI | ||
| 090 | |a TFG 7301 | ||
| 100 | |9 714 |a Morales Aguilar, Mayra | ||
| 245 | |a Calibración inicial de un modelo de índice de fricción internacional para los corredores viales de mayor tránsito en Costa Rica | ||
| 260 | |a [San José], Costa Rica |c 2015 | ||
| 500 | |a Proyecto de graduación (licenciatura en ingeniería civil)--Universidad de Costa Rica. Facultad de Ingeniería. Escuela de Ingeniería Civil | ||
| 650 | |x PAVIMENTOS |x RESISTENCIA AL DESLIZAMIENTO |x PRUEBAS |x CALIBRACION |9 715 | ||
| 942 | |c TFG | ||
| 999 | |c 13816 |d 13816 | ||
